Loading...
| Literature - European | 0 | 9 | 0 | 0 | 90 | 36 | 68.22 | 5 | 8 | 0.00 | 0.00 |
| Literature - British | 0 | 8 | 1 | 1 | 75 | 54 | 82.88 | 1 | 6 | 0.00 | 0.00 |
| Philosophy | 0 | 7 | 1 | 0 | 65 | 29 | 51.43 | 4 | 7 | 0.00 | 0.00 |
| Literature - World/Other | 0 | 6 | 0 | 0 | 60 | 33 | 71.67 | 1 | 5 | 0.00 | 0.00 |
| Literature - American | 0 | 6 | 0 | 0 | 60 | 35 | 66.50 | 3 | 5 | 0.00 | 0.00 |
| Religion | 0 | 6 | 2 | 0 | 50 | 35 | 66.50 | 3 | 6 | 0.00 | 0.00 |
| Mythology | 0 | 4 | 0 | 0 | 40 | 57 | 68.50 | 0 | 4 | 0.00 | 0.00 |
| History - American | 0 | 4 | 0 | 0 | 40 | 54 | 66.50 | 1 | 3 | 0.00 | 0.00 |
| Fine Arts - Visual | 0 | 4 | 1 | 1 | 35 | 66 | 92.75 | 0 | 2 | 0.00 | 0.00 |
| Social Science | 0 | 3 | 0 | 0 | 30 | 65 | 69.00 | 0 | 1 | 0.00 | 0.00 |
| Science - Other | 0 | 3 | 0 | 0 | 30 | 15 | 25.33 | 1 | 3 | 0.00 | 0.00 |
| History - World | 0 | 3 | 3 | 0 | 15 | 51 | 60.33 | 0 | 2 | 0.00 | 0.00 |
| Other Academic | 0 | 1 | 0 | 0 | 10 | 82 | 82.00 | 0 | 0 | 0.00 | 0.00 |
| History - Other | 0 | 2 | 2 | 0 | 10 | 51 | 56.50 | 0 | 2 | 0.00 | 0.00 |
| Fine Arts - Other | 0 | 1 | 0 | 0 | 10 | 115 | 115.00 | 0 | 0 | 0.00 | 0.00 |
| History - European | 0 | 2 | 3 | 0 | 5 | 72 | 77.50 | 0 | 1 | 0.00 | 0.00 |
| Science - Physics | 0 | 0 | 1 | 0 | -5 | 0.00 | 0 | 0 | 0.00 | 0.00 |